Principles of Electronic Circuits

Sparad:
Bibliografiska uppgifter
Huvudupphovsman: Không rõ
Materialtyp: Bok
Språk:Vietnamese
Publicerad: NOTNXB 1997
Taggar: Lägg till en tagg
Inga taggar, Lägg till första taggen!
Thư viện lưu trữ: Mạng thư viện Đại học Đà Nẵng
LEADER 00580nam a2200265 4500
001 000026336
003 318
005 20150204120000.0
008 150204s vm 000 vie
020 |c 0,0000 
040 |a D7 
100 |a Không rõ 
245 |a Principles of Electronic Circuits 
260 |b NOTNXB  |c 1997 
OWN |a LTT 
999 |a From the UDN01 
TYP |a Monograph 
TYP |a Printed language 
980 |a Mạng thư viện Đại học Đà Nẵng